Obálka Náhled e-knihy:
PDF Epub
Pro půjčování e-knih musíte být přihlášeni.
Jak si půjčit online?

Havraní kruhy. Síla /

Hirka se připravuje na setkání s vládnoucím rodem studeného světa s pevně danou hierarchií, v němž se cení odvaha a pohrdá slabostí. Dívka neochotně přijímá svůj osud v naději, že svého přítele Rimeho udrží naživu a Ymslandu v bezpečí. Ale žízeň mrtvorozených po Síle je neuhasitelná a válka nevyhnut...

Celý popis

Uloženo v:
Série:Havraní kruhy, část 3
Hlavní autor: Pettersen, Siri, 1971- (Autor)
Další autoři: Jindřišková, Jitka, 1985- (Autor)
Médium: E-kniha
Jazyk:Czech
Vydáno: Brno : Host - vydavatelství, s.r.o., 2017
Vydání:První vydání
Témata:
Příbuzné jednotky:Z cyklu:: Havraní kruhy
Tagy:
Žádné tagy
LEADER 02288nam a2200457 i 4500
001 310845
003 CZ PrSKC
005 20260601215655.0
007 ta
008 171030s2017 xr g 000 f cze
015 |a cnb002943918 
020 |a 9788075771780  |q (vázáno) 
035 |a (OCoLC)1019651488 
040 |a OLA001  |b cze  |d ABA001  |e rda 
041 1 |a cze  |h nor 
072 7 |a 821.11  |x Germánské literatury  |2 Konspekt 
080 |a 821.113.5-31  |2 MRF 
080 |a (0:82-312.9)  |2 MRF 
100 1 |a Pettersen, Siri,  |d 1971-  |7 mzk2016914498  |4 aut 
240 1 0 |a Evna.  |l Česky 
245 1 0 |a Havraní kruhy.  |p Síla /  |c Siri Pettersenová ; z norského originálu Evna ... přeložila Jitka Jindřišková 
246 3 0 |a Síla 
250 |a První vydání 
264 1 |a Brno :  |b Host - vydavatelství, s.r.o.,  |c 2017 
300 |a 459 stran ;  |c 22 cm 
336 |a text  |b txt  |2 rdacontent 
337 |a bez média  |b n  |2 rdamedia 
338 |a svazek  |b nc  |2 rdacarrier 
520 2 |a Hirka se připravuje na setkání s vládnoucím rodem studeného světa s pevně danou hierarchií, v němž se cení odvaha a pohrdá slabostí. Dívka neochotně přijímá svůj osud v naději, že svého přítele Rimeho udrží naživu a Ymslandu v bezpečí. Ale žízeň mrtvorozených po Síle je neuhasitelná a válka nevyhnutelná. Ke kterému světu se Hirka nakonec přikloní? Kam patří? Nakladatelská anotace. 
520 2 |a Temné finále fantasy trilogie Havraní kruhy přinese osudovou volbu. 
655 7 |a norské romány  |7 fd132917  |2 czenas 
655 7 |a fantasy romány  |7 fd184199  |2 czenas 
655 9 |a Norwegian fiction  |2 eczenas 
655 9 |a fantasy novels  |2 eczenas 
700 1 |a Jindřišková, Jitka,  |d 1985-  |7 xx0124831  |4 trl 
787 0 8 |i Z cyklu:  |t Havraní kruhy  |g 3 
900 |a ABA001  |b 21 
044 |a xr 
910 |a RBIT002 
998 |d 176663  |a https://core.palmknihy.cz/api/books/176663/cover?uqst9s  |b https://core.palmknihy.cz/api/books/176663/cover/400?27wtw2  |c https://core.palmknihy.cz/api/books/176663/cover/50?wvnbts  |e 2028-03-16  |g 564  |i 9788075771780  |j https://core.palmknihy.cz/api/books/176663/preview.epub  |k https://core.palmknihy.cz/api/books/176663/preview.pdf  |l   |q 49  |r 1  |s https://www.palmknihy.cz/kniha/176663  |t ebook  |y 2017  |z 0  |v Havraní kruhy  |w 3 
999 |d 310843